Регионална библиотека "Любен Каравелов" - Русе

Lexikon der sprichwortlichen Redensarten (Запис номер 46389)

MARC детайли
000 -Лидер
Контролно поле с фиксирана дължина 01191nam a2200337 c 4500
003 - Код на организацията, давaща контролен номер
Контролно поле BLK
005 - Дата и час на последна редакция
Контролно поле 20180420221728.0
008 - Елементи от данни с фиксирана дължина
fixed length control field 180408b bul|||||r ||||||| ||bul||
010 ## - Наследен системен номер
LC control number KNG00050195000
020 ## - Международен стандартен номер на книга ISBN
Международен стандартен номер на книга ISBN 3-451-04400-5
-- издат.: Herder
040 ## - Източник на каталожния запис
Идентификатор на билиотеката - собственик на записа BLK
041 ## - Код за език
Код за езика на текст/звукозапис или на отделно заглавие Немски
Код за езика КДБФ Немски
080 ## - УДК
Текстов определител УДК Немски език (високонемски, стандартен писмен)
УДК код - определител по УДК 811.112.2
УДК определител -318(038.1)
УДК - код + определител 811.112.2-318(038.1)
100 1# - Редна дума - Автор
Автор Rohrich, Lutz
Авторска отговорност първи автор
R(LIN) 22642
139 ## - Редно поле
Редна дума Rohrich, Lutz
Авторски знак Roh - R 72
245 10 - Сведения за заглавието
Заглавие Lexikon der sprichwortlichen Redensarten
Подзаглавни данни Band 1-5
Редно поле (дума) Lutz Rohrich.
Том Bd. 4
Заглавие на том Oben-Spielverderber
250 ## - Област на изданието
Сведения за изданието 2. Aufl
257 ## - Страна на издаване
Страна на създаване/издаване Германия
260 ## - Област на издателските данни
-- Freiburg et al
Име на издателя, разпространителя и проч. Herder
Година на издаване 1994
300 ## - Физическа характеристика
Размери/Мащаб 19 cm
380 ## - Жанр
Жанр Езикознание. Филология
650 #4 - Допълнително описание по предмет – тема
Основно описание – тема или топоним Немски език - идиоми - речници
9 (RLIN) 254958
653 ## - Ключова дума – ненормативна
Ключова дума немски език
653 ## - Ключова дума – ненормативна
Ключова дума идиоматични речници
760 1# - Описание на основната серия
Редна дума на основното описание Rohrich, Lutz
Издание 2. Aufl
Страници - том 1107-1502 c
Заглавие Bd. 4 Oben-Spielverderber
852 ## - Местоположение
Форматна сигнатура ЦБ 186138
856 4# - Електронен адрес и достъп
Електронен формат pdf - файл
Път до файла /url/
856 4# - Електронен адрес и достъп
Електронен формат pdf - файл
Път до файла /url/
942 ## - АРТИКУЛИ
Вид на библиотечния материал Книги
Скрит в OPAC Не
944 ## - СЪЗДАВАНЕ И РЕДАКЦИЯ на ЗАПИСА
Създаване/Редакция Създаване
Дата на регистрацията/редакция 01.01.1999
Служител, извършил регистрацията/редакцията Теодора_Стоянова
944 ## - СЪЗДАВАНЕ И РЕДАКЦИЯ на ЗАПИСА
Създаване/Редакция Редакция
Дата на регистрацията/редакция 19.01.2017
Служител, извършил регистрацията/редакцията Виктор_Иванов
999 ## - СИСТЕМНИ КОНТРОЛНИ НОМЕРА
Koha biblionumber 46389
Koha biblioitemnumber 46389
Наличности
Код за отписване Код за изгубен артикул Източник на класификационната схема Код за повреда Коз за рестрикции Код за отдаване Артикулен № Име на библиотеката - собственик Име на библиотеката, в която се намира в момента Статус (Текущо местоположение) Дата на вписване в системата Местоположение - отдел Цена в лева Инвентарен номер Систематично азбучна сигнатура Баркод Номер на екземпляра Цена в евро Служебна бележка Служебен тип на артикула
  Не е изгубен Universal Decimal Classification Не е повреден само за читалня ползва се в читалня 73257 Регионална библиотека "Любен Каравелов" Русе Регионална библиотека "Любен Каравелов" Русе Читалня 5 - справочен фонд 2002-01-01 Читалня 5 - справочен фонд 20.00 120000905380 C5 803.0-3/R 76 L 120000905380 1 10.23 Дост: Da Книги
Vip Innovations Ltd, Rousse, Bulgaria 2025